|
|
|
|
| LEADER |
01778nam a2200421 i 4500 |
| 001 |
EBC6473933 |
| 003 |
MiAaPQ |
| 005 |
20210630005200.0 |
| 006 |
m o d | |
| 007 |
cr cnu|||||||| |
| 008 |
210630s2021 enka ob 001 0 eng d |
| 020 |
|
|
|z 9781800435278
|q (print)
|
| 020 |
|
|
|z 9781800435285
|q (electronic)
|
| 020 |
|
|
|z 9781800435261
|q (electronic bk.)
|
| 035 |
|
|
|a (MiAaPQ)EBC6473933
|
| 035 |
|
|
|a (Au-PeEL)EBL6473933
|
| 035 |
|
|
|a (OCoLC)1237408394
|
| 040 |
|
|
|a MiAaPQ
|b eng
|e rda
|e pn
|c MiAaPQ
|d MiAaPQ
|
| 050 |
|
4 |
|a HD30.28
|b .M368 2021
|
| 082 |
0 |
|
|a 658.4012
|2 23
|
| 100 |
1 |
|
|a Manu, Alexander,
|d 1954-
|e author.
|
| 245 |
1 |
0 |
|a Dynamic future-proofing :
|b integrating disruption in everyday business /
|c Alexander Manu.
|
| 264 |
|
1 |
|a Bingley, England :
|b Emerald Publishing Limited,
|c [2021]
|
| 264 |
|
4 |
|c 2021
|
| 300 |
|
|
|a 1 online resource (193 pages) :
|b illustrations
|
| 336 |
|
|
|a text
|b txt
|2 rdacontent
|
| 337 |
|
|
|a computer
|b c
|2 rdamedia
|
| 338 |
|
|
|a online resource
|b cr
|2 rdacarrier
|
| 504 |
|
|
|a Includes bibliographical references and index.
|
| 588 |
|
|
|a Description based on print version record.
|
| 590 |
|
|
|a Electronic reproduction. Ann Arbor, MI : ProQuest, 2018. Available via World Wide Web. Access may be limited to ProQuest affiliated libraries.
|
| 650 |
|
0 |
|a Technological innovations.
|
| 650 |
|
0 |
|a Strategic planning.
|
| 650 |
|
0 |
|a Organizational change.
|
| 655 |
|
4 |
|a Electronic books.
|
| 776 |
0 |
8 |
|i Print version:
|a Manu, Alexander, 1954-
|t Dynamic future-proofing : integrating disruption in everyday business.
|d Bingley, England : Emerald Publishing Limited, c2021
|h 193 pages
|z 9781800435278
|
| 797 |
2 |
|
|a ProQuest (Firm)
|
| 856 |
4 |
0 |
|u https://ebookcentral.proquest.com/lib/matrademy/detail.action?docID=6473933
|z Click to View
|